000 00671nam a2200241Ia 4500
005 20260429111859.0
008 260429s9999||||xx |||||||||||||| ||und||
020 _a9781555812911
041 _aEnglish
082 _a616.079
_bKAU
100 _aKaufmann, S. H. E.
245 0 _aInnate immune response to infection /
_cS. H. E. Kaufmann
260 _aWashington :
_bASM Press,
_c2004.
300 _axv, 465 p.; hb
650 _a Host defense mechanisms
650 _a Infectious diseases
650 _a Innate immunity
650 _a Medical microbiology
650 _aImmunology
700 _a Gordon, Siamon
700 _a Medzhitov, Ruslan
942 _cTB
999 _c51250
_d51250